000
00288nam a22001217a 4500
082
_a
621 KEN'C
100
_a
CARMICHAEL, COLIN
_9
78849
245
_a
KENTS MECHANICAL ENGINEERING HANDBOOK
250
_a
12TH
260
_a
NEWYORK
_b
JOHN WILEY
_c
1950
300
_a
XII, 28-60P
942
_c
BK
999
_c
583917
_d
583917